1145 1755 1996 1617 1348 1767 1708 1186 1615 1024 1228 1391 1370 1645 1711 1211 1105 1892 1309 1738 1495 1768 1077 1013 1617 1453 1765 1491 1121 1315 1268 1688 1494 1475 1088 1461 1717 1787 1181 1485 1838 1645 1782 1739 1271 1735 1581 1914 1001 1878 1601 1675 1567 1111 1261 1548 1534 1703 1328 1219 1495 1139 1376 1150 1442 1469 1367 1361 1605 1684 1068 1967 1424 1919 1110 1352 1091 1682 1545 1847 1861 1030 1459 1163 1863 1932 1078 1534 1567 1255 1589 1283 1099 1148 1797 1632 1310 1886 1052 BCNSPRNW ULIB Ver.6.0+V

เปลี่ยนเป็นภาษาไทย

Change to English
 แสดงรายละเอียดบรรณานุกรม
  กลับหน้าหลัก

Brief Record : Get Marc (ISO 2709) : E-mail record : QR code < ปิดหน้าต่าง
LEADER : 00000nas 2200000uu 4500
001    13399114996
003     ULIB
008    020711s|||| th a 000 0 tha d
022    ^a16865081
110    ^aวิทยาลัยเครือข่ายภาคกลาง2
245    ^aวารสารการพยาบาลและการสาธารณสุข /^cวิทยาลัยเครือข่ายภาคกลาง2
260    ^aเพชรบุรี :^bวิทยาลัยเครือข่ายภาคกลาง2,^cม.ป.ป.
310    ^aราย 6 เดือน
850 ^a ULIB^bฉบับที่ 1 ปีที่ 7 ;ฉบับที่ 2 ปีที่ 7 ;ฉบับที่ 1 ปีที่ 8 ;ฉบับที่ 2 ปีที่ 8 ;ฉบับที่ 1 ปีที่ 9 ;ฉบับที่ 2 ปีที่ 9 ;ฉบับที่ 2 ปีที่ 10 ฉ.1
945    ^p0^l0^i900492
945    ^p0^l0^i900493
945    ^p0^l0^i900494
945    ^p0^l0^i901048
945    ^p0^l0^i901195
945    ^p0^l0^i902125
945    ^p0^l0^i902990
รายการนี้ยังไม่มีแท็ก
คุณยังไม่ได้ล็อกอิน คุณสามารถมีกิจกรรมร่วมกับเว็บไซต์ได้ แต่ต้องล็อกอินก่อน ::
  ล็อกอิน

รายการสื่อสารสนเทศ (วารสาร)

ดูแบบ: กล่อง รายการ
ARRIVED
ฉบับที่ 1 ปีที่ 7
สถานที่: ห้องสมุดวิทยาเขตสวรรค์ประชารักษ์ >หนังสือทั่วไป
ARRIVED
ฉบับที่ 2 ปีที่ 7
สถานที่: ห้องสมุดวิทยาเขตสวรรค์ประชารักษ์ >วารสาร
ARRIVED
ฉบับที่ 2 ปีที่ 8
สถานที่: ห้องสมุดวิทยาเขตสวรรค์ประชารักษ์ >วารสาร
ARRIVED
ฉบับที่ 1 ปีที่ 8
สถานที่: ห้องสมุดวิทยาเขตสวรรค์ประชารักษ์ >หนังสือทั่วไป
ARRIVED
ฉบับที่ 1 ปีที่ 9
สถานที่: ห้องสมุดวิทยาเขตสวรรค์ประชารักษ์ >วารสาร
ARRIVED
ฉบับที่ 2 ปีที่ 9
สถานที่: ห้องสมุดวิทยาเขตสวรรค์ประชารักษ์ >วารสาร
ARRIVED
ฉบับที่ 2 ปีที่ 10 ฉ.1
สถานที่: ห้องสมุดวิทยาเขตสวรรค์ประชารักษ์ >หนังสือพิมพ์
รายการใกล้เคียง
    ผู้แต่ง []

BibComment


ยังไม่เคยถูกคอมเมนท์

คอมเมนท์ทรัพยากรรายการนี้
  คอมเมนท์: วารสารการพยาบาลแ..


 Copyright 2026. Bcnsprnw @Library